000 00459nam a2200169 i 4500
001 92113
003 ES-MaACL
005 20230906180911.0
007 t|
008 050221s1971 sp ||||1| spa d
100 1 _aLezama Lima, José.
_972118
245 1 0 _aIntroducción a los vasos órficos /
_cJosé Lezama Lima.
250 _a1ª. ed.
260 _a[Barcelona] :
_bBarral,
_c1971.
300 _a272 p. ;
_c20 cm.
852 _aES-MaACL
_jC-39247
_bR.78941
999 _c92113
_d92113